El Egipto del crepúsculo : de Tanis a Meroe : 1070 a. de C. - siglo IV d. de C. /
El universo de las formas es una colección publicada por editorial Aguilar en veintiocho volúmenes, incompleta en biblioteca, que trata sobre las características y esplendor de las expresiones artísticas en diferentes lugares del mundo y en épocas históricas distintas. Cada uno viene ilustrado en su...
Gespeichert in:
| Format: | Buch |
|---|---|
| Sprache: | Spanisch |
| Veröffentlicht: |
Madrid, España :
Aguilar,
1980, c1980
|
| Schriftenreihe: | (El Universo de las Formas)
|
| Schlagworte: | |
| Tags: |
Keine Tags, Fügen Sie das erste Tag hinzu!
|
MARC
| LEADER | 00000nam^a2200000^a^4500 | ||
|---|---|---|---|
| 001 | 000102992 | ||
| 005 | 20250521000000.0 | ||
| 009 | 20260310093333.736 | ||
| 037 | |a Acervo ITESO - Biblioteca | ||
| 041 | |a ESP | ||
| 082 | |a 709. |b UNI V. 1 | ||
| 240 | 1 | 4 | |a [El universo de las formas] |
| 245 | 1 | 3 | |a El Egipto del crepúsculo : |b de Tanis a Meroe : 1070 a. de C. - siglo IV d. de C. / |c Cyril Aldred... [et al.] ; tr. por Luis Escolar Bareño. |
| 264 | 4 | |a Madrid, España : |b Aguilar, |c 1980, c1980 | |
| 300 | |a 336 p. | ||
| 336 | |a texto |b txt |2 rdacontenido | ||
| 337 | |a sin mediación |b n |2 rdamedio | ||
| 338 | |a volumen |b nc |2 rdasoporte | ||
| 440 | 4 | |a (El Universo de las Formas) | |
| 520 | |a El universo de las formas es una colección publicada por editorial Aguilar en veintiocho volúmenes, incompleta en biblioteca, que trata sobre las características y esplendor de las expresiones artísticas en diferentes lugares del mundo y en épocas históricas distintas. Cada uno viene ilustrado en su mayoría con láminas en blanco y negro, y en menor medida a color. El número de volumen es asignado según fueron clasificándose. | ||
| 520 | |a Contra la tendencia natural de los historiadores de arte de detener el desarrollo del arte egipcio al finalizar el Imperio Nuevo, esta obra reivindica el valor de la producción artística del milenio y medio que va del siglo XI a.C. al siglo V d.C. Sostienen los autores que en tal período se produjeron grandes obras maestras. | ||
| 649 | |a XX | ||
| 650 | |a Arte Egipcio - |x Historia y Crítica - |x Tema Principal | ||
| 650 | |a Egipto - |x Historia - |y Ultimo Período Dinástico, 1085-341 a.C. | ||
| 650 | |a Egipto - |x Historia - |y Dominación Grecorromana, 332 a.C.-642 d.C. | ||
| 910 | |a Fondo General | ||
| 920 | |a Impresos - Libros | ||
| 930 | |a Obras de Referencia | ||
| 905 | |a 102 | ||
| 901 | |a 0500038469 |b IT2 |c REF |u 20250521 | ||
| 902 | |a https://opac.biblio.iteso.mx/vufind/Record/000102992 | ||